Vista normal Vista MARC
  • Carácter

Entrada Topical Term

Número de registros utilizados en: 5

001 - CONTROL NUMBER

  • control field: 7176

003 - CONTROL NUMBER IDENTIFIER

  • control field: OSt

005 - DATE AND TIME OF LATEST TRANSACTION

  • control field: 20170114102418.0

008 - FIXED-LENGTH DATA ELEMENTS

  • fixed length control field: 170114|| aca||aabn | a|a d

040 ## - CATALOGING SOURCE

  • Original cataloging agency: OSt
  • Transcribing agency: OSt

150 ## - HEADING--TOPICAL TERM

  • Topical term or geographic name entry element: Carácter

670 ## - SOURCE DATA FOUND

  • Source citation: Work cat.: (OSt)18395: Covey, Stephen R. 7175, Los 7 hábitos de la gente altamente efectiva :, 2014, 6ª reimp. 2016.